Bivoj běsobijce /
Na pozadí pověsti o Krokovi a jeho třech dcerách, prolínající se se skutečnými osobnostmi, událostmi a místy, autor rozvíjí svůj další fantasy příběh.
Uloženo v:
| Série: | Bivoj,
část 1 |
|---|---|
| Hlavní autor: | |
| Médium: | E-kniha |
| Jazyk: | Czech |
| Vydáno: |
Praha :
Brokilon,
2008
|
| Vydání: | Vyd. 1. |
| Témata: | |
| Příbuzné jednotky: | Z cyklu::
Bivoj |
| Tagy: |
Žádné tagy |
| LEADER | 02481nam a2200373 a 4500 | ||
|---|---|---|---|
| 001 | 291866 | ||
| 003 | CZ PrSKC | ||
| 005 | 20260407070736.0 | ||
| 007 | ta | ||
| 008 | 080619s2008 xr g 000 f cze | ||
| 015 | |a cnb001809309 | ||
| 020 | |a 9788086309200 |q (brož.) : |c Kč 248,00 | ||
| 035 | |a (OCoLC)244815867 | ||
| 040 | |a OLA001 |b cze | ||
| 072 | 7 | |a 821.162.3-3 |x Česká próza |2 Konspekt | |
| 080 | |a 821.162.3-31 |2 MRF | ||
| 080 | |a (0:82-312.9) |2 MRF | ||
| 100 | 1 | |a Červenák, Juraj, |d 1974- |7 xx0013108 |4 aut | |
| 245 | 1 | 0 | |a Bivoj běsobijce / |c Juraj Červenák |
| 250 | |a Vyd. 1. | ||
| 260 | |a Praha : |b Brokilon, |c 2008 | ||
| 300 | |a 373 s. ; |c 18 cm | ||
| 520 | 2 | |a Na pozadí pověsti o Krokovi a jeho třech dcerách, prolínající se se skutečnými osobnostmi, událostmi a místy, autor rozvíjí svůj další fantasy příběh. | |
| 520 | 2 | |a Čechům vládne kněžna Libuše za pomoci svých sester Tety a Kazi, věhlasných vědem. Do dosud poklidného života českého kmene vtrhne děsivý démon v podobě obrovského, krvelačného kance (kýmsi ovládaný) a zaútočí na Kazi při její cestě na Vyšehrad, ležícím na zapovězeném levém břehu, kde se však každoročně konají slavnosti. Na pomoc jí přichází Bivoj, lovec z rodu Strošovců, který kance přemůže a společně s Kazi dorazí na Vyšehrad. Zlá znamení a neblahé předtuchy však pokračují umocněné i varováním ducha knížete Kroka. Nad Čechy se stahují mračna, kdosi se - za pomoci kouzel a temných sil - snaží mezi ně vnést svár, nepokoje a získat nad nimi moc. Čechové, v čele s Libuší a jejími sestrami musí čelit mnohým nebezpečím a nástrahám a připravit se na rozhodující bitvu, aby proti temným silám uhájili svou svobodu. První kniha duologie Bivoj. | |
| 655 | 7 | |a české romány |7 fd133974 |2 czenas | |
| 655 | 7 | |a fantasy romány |7 fd184199 |2 czenas | |
| 655 | 9 | |a Czech fiction |2 eczenas | |
| 655 | 9 | |a fantasy novels |2 eczenas | |
| 787 | 0 | 8 | |i Z cyklu: |t Bivoj |g 1 |
| 900 | |a ABA001 |b 17 | ||
| 044 | |a xr | ||
| 910 | |a RBIT002 | ||
| 998 | |d 170 |a https://core.palmknihy.cz/api/books/170/cover?po9v8l |b https://core.palmknihy.cz/api/books/170/cover/400?vmtlvj |c https://core.palmknihy.cz/api/books/170/cover/50?xkk45n |e |g 373 |i 9788086309200 |j https://core.palmknihy.cz/api/books/170/preview.epub |k https://core.palmknihy.cz/api/books/170/preview.pdf |l |q 49 |r 1 |s https://www.palmknihy.cz/kniha/170 |t ebook |y 2008 |z 0 |v Bivoj |w 1 | ||
| 999 | |d 291864 | ||